000
00291 a2200157 4500
001
163175
020
_a
040
_c
Magnum
100
_a
Genofre, Godofredo
240
1
0
_a
O polvo
_l
por
245
1
0
_a
O polvo
362
0
_a
1899
440
1
_a
FTD
697
_a
I/ANIMAIS
942
_c
BK
999
_c
163175
_d
163175